[Event "Elit(Solna-Limhamn)"]
[Site "?"]
[Date "2003.??.??"]
[Round "3"]
[White "Dalmau, Jorgen"]
[Black "Carlsson, Daniel"]
[Result "0-1"]
[WhiteElo "2119"]
[BlackElo "2280"]
[PlyCount "72"]
[EventDate "2003.??.??"]

1. e4 c5 2. Nf3 d6 3. c3 Nf6 4. Bd3 e5 5. Bc2 Be7 6. d4 Nbd7 7. O-O O-O 8. Re1
b6 9. Nbd2 Qc7 10. Nf1 Rd8 11. Bg5 Nf8 12. Ne3 Be6 13. Qe2 Rac8 14. Bb3 c4 15.
d5 cxb3 16. dxe6 fxe6 17. Bxf6 gxf6 18. axb3 Nd7 19. Nh4 Kh8 20. Qg4 Nf8 21.
Red1 Rd7 22. b4 Bd8 23. g3 a5 24. bxa5 bxa5 25. Nf3 Qb7 26. Rd2 Rg7 27. Qh5 Qc6
28. Ne1 Bb6 29. N1c2 Bc7 30. Qh4 Bd8 31. Qh5 Ng6 32. Rad1 Be7 33. f3 Qb6 34. b4
axb4 35. cxb4 Nf4 36. Qh6 Rxc2 0-1

[Event "Elit(SodraSASS-Manhem)"]
[Site "?"]
[Date "2003.??.??"]
[Round "3"]
[White "Kulaots, Kaido"]
[Black "Moberg, Karl-Johan"]
[Result "1/2-1/2"]
[WhiteElo "2593"]
[BlackElo "2331"]
[PlyCount "87"]
[EventDate "2003.??.??"]

1. e4 e5 2. Nf3 Nc6 3. Bb5 a6 4. Ba4 Nf6 5. O-O b5 6. Bb3 Bc5 7. a4 Bb7 8. d3
d6 9. Nc3 b4 10. Nd5 Na5 11. Nxf6+ Qxf6 12. Ba2 Bc8 13. Bg5 Qg6 14. Be3 Bxe3
15. fxe3 O-O 16. Nd2 Be6 17. Bd5 c6 18. Bxe6 Qxe6 19. b3 d5 20. Qh5 Nb7 21. Qh4
a5 22. Rf3 Nd6 23. Raf1 f6 24. Rh3 h6 25. Rg3 f5 26. Rgf3 Rf7 27. exf5 Nxf5 28.
Qh3 Raf8 29. e4 Nd4 30. Qxe6 Nxe6 31. Rxf7 Rxf7 32. Re1 Nd4 33. exd5 cxd5 34.
Rxe5 Rc7 35. Rxd5 Rxc2 36. Rxd4 Rxd2 37. Rd5 Rb2 38. Rxa5 Rxb3 39. Rb5 Rxd3 40.
Rxb4 Ra3 41. g4 g5 42. Kf2 Kf7 43. Re4 Kf6 44. Kg2 1/2-1/2

[Event "Elit(SodraSASS-Manhem)"]
[Site "?"]
[Date "2003.??.??"]
[Round "3"]
[White "Olausson, Claes-Goran"]
[Black "Ornstein, Axel"]
[Result "1/2-1/2"]
[WhiteElo "2375"]
[BlackElo "2448"]
[PlyCount "51"]
[EventDate "2003.??.??"]

1. Nf3 Nf6 2. c4 c5 3. g3 b6 4. Bg2 Bb7 5. O-O e6 6. Nc3 Be7 7. d4 cxd4 8. Qxd4
d6 9. Bg5 a6 10. Bxf6 Bxf6 11. Qf4 O-O 12. Rfd1 Be7 13. Ne4 Bxe4 14. Qxe4 Ra7
15. a4 Rc7 16. b3 Qc8 17. Nd4 Rd8 18. Qe3 Rc5 19. Rac1 Bg5 20. f4 Bf6 21. Nf3
d5 22. cxd5 Rdxd5 23. Kf2 Rxd1 24. Rxd1 Nc6 25. Qe4 g6 26. Ne1 1/2-1/2

[Event "Elit(SodraSASS-Manhem)"]
[Site "?"]
[Date "2003.??.??"]
[Round "3"]
[White "Hultin, Johan"]
[Black "Alm, Hakan"]
[Result "0-1"]
[WhiteElo "2341"]
[BlackElo "2333"]
[PlyCount "38"]
[EventDate "2003.??.??"]

1. d4 Nf6 2. Nf3 d5 3. c4 e6 4. Nc3 Bb4 5. Qa4+ Nc6 6. Bg5 Bd7 7. Qc2 h6 8.
Bxf6 Qxf6 9. a3 Bxc3+ 10. Qxc3 dxc4 11. Qxc4 O-O 12. e3 Rac8 13. Qc3 Rfd8 14.
Rc1 Ne7 15. Be2 Bc6 16. O-O Ng6 17. b4 Rd5 18. Qb2 a6 19. Bxa6 Qxf3 0-1

[Event "Elit(SodraSASS-Manhem)"]
[Site "?"]
[Date "2003.??.??"]
[Round "3"]
[White "Welin, Thomas"]
[Black "Akesson, Joel"]
[Result "1/2-1/2"]
[WhiteElo "2412"]
[BlackElo "2325"]
[PlyCount "84"]
[EventDate "2003.??.??"]

1. b3 d5 2. Bb2 Nf6 3. Nf3 Bg4 4. g3 Nbd7 5. Bg2 e6 6. O-O Bd6 7. d3 O-O 8.
Nbd2 e5 9. e4 c6 10. h3 Bh5 11. Qe1 Re8 12. Nh4 Bf8 13. Kh1 dxe4 14. dxe4 Nc5
15. Nc4 Nfd7 16. Nf5 b5 17. Nce3 Qc7 18. a4 bxa4 19. b4 Ne6 20. Rxa4 Qb7 21.
Bc3 Nc7 22. Bd2 c5 23. bxc5 Nxc5 24. Ra1 N7e6 25. Bc3 f6 26. Nd5 Bf7 27. f4 Nd4
28. Rb1 Qc6 29. fxe5 fxe5 30. Nxd4 exd4 31. Qf2 Qg6 32. Bxd4 Bxd5 33. exd5 Ne4
34. Bxe4 Qxe4+ 35. Kg1 Qxd5 36. Rbd1 Qh5 37. Qg2 Rad8 38. Rd2 Rxd4 39. Rxd4 Bc5
40. c3 Qe5 41. Qf2 Bxd4 42. cxd4 Qe3 1/2-1/2

[Event "Elit(SodraSASS-Manhem)"]
[Site "?"]
[Date "2003.??.??"]
[Round "3"]
[White "Kinnmark, Ove"]
[Black "Furhoff, Johan"]
[Result "0-1"]
[WhiteElo "2328"]
[BlackElo "2424"]
[PlyCount "76"]
[EventDate "2003.??.??"]

1. e4 Nc6 2. d4 d5 3. e5 Bf5 4. c3 e6 5. Bd3 Nge7 6. Ne2 f6 7. exf6 gxf6 8. Ng3
Bxd3 9. Qxd3 Ng6 10. Nh5 Qe7 11. O-O O-O-O 12. Re1 Rg8 13. Qh3 f5 14. Nf4 Nxf4
15. Bxf4 Rg4 16. Qf3 Qf7 17. h3 Rg6 18. Nd2 Bd6 19. Qe3 Rdg8 20. g3 Bxf4 21.
Qxf4 e5 22. dxe5 Nd8 23. Qd4 f4 24. Qxa7 fxg3 25. f3 Rh6 26. e6 Rxe6 27. Qa8+
Kd7 28. Qa4+ c6 29. Rad1 Kc7 30. Qd4 Qf5 31. Qh4 Kb8 32. a4 Nf7 33. Rxe6 Qxe6
34. Qf4+ Kc8 35. Nf1 Ng5 36. Qb4 Nxh3+ 37. Kg2 Qe2+ 38. Kh1 Qxf3# 0-1

[Event "Elit(SodraSASS-Manhem)"]
[Site "?"]
[Date "2003.??.??"]
[Round "3"]
[White "Lundvik, Jonas"]
[Black "Nygren, Kim"]
[Result "1/2-1/2"]
[WhiteElo "2296"]
[BlackElo "2303"]
[PlyCount "100"]
[EventDate "2003.??.??"]

1. d4 Nf6 2. Nf3 g6 3. Bg5 Bg7 4. Nbd2 O-O 5. e4 d6 6. Bc4 c6 7. O-O d5 8. exd5
cxd5 9. Bd3 Nc6 10. c3 Be6 11. Re1 Rc8 12. Bh4 Ne8 13. Nb3 Bg4 14. h3 Bxf3 15.
Qxf3 Bf6 16. Bg3 e6 17. Rad1 Bg7 18. Nc5 b6 19. Nb3 Nd6 20. Nd2 Na5 21. Re2
Nac4 22. Nf1 Qd7 23. Nh2 f5 24. Bxc4 Nxc4 25. Qf4 b5 26. Nf3 a5 27. h4 b4 28.
cxb4 axb4 29. h5 Rc6 30. hxg6 hxg6 31. Qg5 Qf7 32. Qf4 Bf6 33. Bh4 Nd6 34. Bxf6
Qxf6 35. Ne5 g5 36. Qg3 f4 37. Qg4 Rc7 38. Nd3 Re8 39. Nc5 Nf5 40. Nb3 Rh7 41.
Rc2 Rh4 42. Qf3 Qh6 43. Kf1 g4 44. Qd3 f3 45. gxf3 Rh1+ 46. Ke2 e5 47. Qxf5
exd4+ 48. Kd3 Rxd1+ 49. Rd2 Qa6+ 50. Kc2 Qc4+ 1/2-1/2

[Event "Elit(Rockaden-Kamraterna)"]
[Site "?"]
[Date "2003.??.??"]
[Round "3"]
[White "Aberg, Anton"]
[Black "Nielsen, Peter Heine"]
[Result "0-1"]
[WhiteElo "2686"]
[BlackElo "2485"]
[PlyCount "62"]
[EventDate "2003.??.??"]

1. e4 c5 2. Nf3 d6 3. d4 cxd4 4. Nxd4 Nf6 5. Nc3 a6 6. Be3 Nc6 7. f3 e6 8. Qd2
Be7 9. O-O-O O-O 10. g4 Nxd4 11. Bxd4 b5 12. g5 Nd7 13. h4 b4 14. Ne2 a5 15. f4
Bb7 16. Ng3 Qc7 17. Kb1 Nc5 18. Bd3 Rfc8 19. Rh2 a4 20. h5 b3 21. g6 Nxd3 22.
gxh7+ Kxh7 23. cxd3 Bf6 24. Bxf6 gxf6 25. a3 Ra6 26. Nf1 Rc6 27. Ne3 Ba6 28.
Rhh1 Rc2 29. Qe1 Qb6 30. d4 Re2 31. Qg3 Rcc2 0-1

[Event "Elit(Rockaden-Kamraterna)"]
[Site "?"]
[Date "2003.??.??"]
[Round "3"]
[White "Svensson, Bengt"]
[Black "Hermansson, Emil"]
[Result "1/2-1/2"]
[WhiteElo "2420"]
[BlackElo "2526"]
[PlyCount "30"]
[EventDate "2003.??.??"]

1. e4 c6 2. d4 d5 3. exd5 cxd5 4. c4 Nf6 5. Nc3 e6 6. Nf3 Bb4 7. cxd5 Nxd5 8.
Bd2 Nc6 9. Bd3 Be7 10. a3 O-O 11. O-O Bf6 12. Qe2 Bxd4 13. Nxd5 Qxd5 14. Be4
Qd7 15. Rad1 e5 1/2-1/2

[Event "Elit(Rockaden-Kamraterna)"]
[Site "?"]
[Date "2003.??.??"]
[Round "3"]
[White "Karlsson, Lars"]
[Black "Andreasson, Ingvar"]
[Result "1/2-1/2"]
[WhiteElo "2532"]
[BlackElo "2389"]
[PlyCount "48"]
[EventDate "2003.??.??"]

1. d4 d5 2. g3 g6 3. Nf3 Bg7 4. Bg2 Nf6 5. c4 c6 6. cxd5 cxd5 7. Nc3 O-O 8. O-O
Nc6 9. Ne5 e6 10. Bg5 h6 11. Bxf6 Bxf6 12. Nxc6 bxc6 13. Na4 e5 14. dxe5 Bxe5
15. Rc1 Qf6 16. b3 Bf5 17. Qd2 h5 18. e3 Rac8 19. Rfe1 Rfe8 20. e4 dxe4 21.
Bxe4 Red8 22. Qc2 Bg4 23. Bg2 Bd4 24. Nc5 Bf5 1/2-1/2

[Event "Elit(Rockaden-Kamraterna)"]
[Site "?"]
[Date "2003.??.??"]
[Round "3"]
[White "Svenn, Matti"]
[Black "Wiedenkeller, Michael"]
[Result "0-1"]
[WhiteElo "2245"]
[BlackElo "2517"]
[PlyCount "44"]
[EventDate "2003.??.??"]

1. Nf3 Nf6 2. b3 e6 3. Bb2 b6 4. g3 Bb7 5. Bg2 Be7 6. O-O O-O 7. c4 c5 8. d3 d5
9. cxd5 Nxd5 10. Nbd2 Nc6 11. a3 Bf6 12. Bxf6 Qxf6 13. Re1 Nc3 14. Qc2 Nxe2+
15. Kh1 Ned4 16. Nxd4 Nxd4 17. Qb2 Bxg2+ 18. Kxg2 Qf5 19. Qc3 Qd5+ 20. Kg1 Rfd8
21. b4 cxb4 22. axb4 Rac8 0-1

[Event "Elit(Rockaden-Kamraterna)"]
[Site "?"]
[Date "2003.??.??"]
[Round "3"]
[White "Olsson, Anders"]
[Black "Svensson, Leif"]
[Result "1-0"]
[WhiteElo "2500"]
[BlackElo "2236"]
[PlyCount "41"]
[EventDate "2003.??.??"]

1. e4 e5 2. Nf3 Nc6 3. Bc4 Nf6 4. d3 Bd6 5. O-O Na5 6. Nbd2 Qe7 7. a3 c5 8. Ba2
Bc7 9. b4 cxb4 10. axb4 Nc6 11. b5 Na5 12. d4 b6 13. Ba3 d6 14. Nxe5 O-O 15.
Re1 Qe8 16. Nec4 Nxc4 17. Nxc4 Qxb5 18. e5 Nd5 19. Nxd6 Bxd6 20. Bxd6 Nc3 21.
Qf3 1-0

[Event "Elit(Farsta-Schack08)"]
[Site "?"]
[Date "2003.??.??"]
[Round "3"]
[White "Ingbrandt, Johan"]
[Black "Degerman, Lars"]
[Result "1/2-1/2"]
[WhiteElo "2467"]
[BlackElo "2515"]
[PlyCount "57"]
[EventDate "2003.??.??"]

1. d4 d5 2. c4 dxc4 3. Nf3 a6 4. e3 Nf6 5. Bxc4 e6 6. O-O c5 7. Bd3 b6 8. dxc5
Bxc5 9. b3 Bb7 10. Bb2 O-O 11. Nc3 Nbd7 12. Ng5 Be7 13. Nge4 Qb8 14. Qe2 Rc8
15. Rad1 Nc5 16. Nxc5 Rxc5 17. e4 Rh5 18. g3 b5 19. Nd5 exd5 20. Bxf6 Bxf6 21.
Qxh5 dxe4 22. Bb1 Qc7 23. Qf5 Re8 24. Rfe1 Re6 25. Bxe4 g6 26. Qf3 Qe7 27. Bxb7
Rxe1+ 28. Rxe1 Qxe1+ 29. Kg2 1/2-1/2

[Event "Elit(Farsta-Schack08)"]
[Site "?"]
[Date "2003.??.??"]
[Round "3"]
[White "Lindberg, Bengt"]
[Black "Laveryd, Peter"]
[Result "1/2-1/2"]
[WhiteElo "2515"]
[BlackElo "2459"]
[PlyCount "120"]
[EventDate "2003.??.??"]

1. e4 Nc6 2. d4 d5 3. e5 f6 4. Bf4 fxe5 5. dxe5 Bf5 6. Nf3 e6 7. Bb5 Bc5 8. Nd4
Nge7 9. c3 O-O 10. Be3 Nxd4 11. cxd4 Bb4+ 12. Nc3 c5 13. O-O Qa5 14. Be2 cxd4
15. Bxd4 Nc6 16. Nb5 a6 17. Nc3 Rac8 18. Rc1 Nxd4 19. Qxd4 Rc6 20. a3 Bxc3 21.
Rxc3 Rxc3 22. bxc3 Qxa3 23. c4 Qb4 24. Rd1 Bc2 25. cxd5 Qxd4 26. Rxd4 exd5 27.
Rxd5 b5 28. Rd6 Rc8 29. Rxa6 b4 30. Rb6 b3 31. f4 Rc7 32. Kf2 Kf7 33. Ke3 Ke7
34. g4 g6 35. Kd4 Rd7+ 36. Kc3 Rc7+ 37. Bc4 Bd1 38. Kd4 Bxg4 39. Bxb3 Rd7+ 40.
Ke3 Bf5 41. Bc4 h5 42. Be2 Rc7 43. Rb3 h4 44. Bd3 Ra7 45. Bxf5 gxf5 46. Kf3 Rc7
47. Kg2 Rc4 48. Rf3 Ke6 49. Kh3 Rc2 50. Rd3 Rc4 51. Rd6+ Ke7 52. Kxh4 Rxf4+ 53.
Kg5 Rg4+ 54. Kxf5 Rh4 55. Rd2 Rh5+ 56. Kf4 Ke6 57. Kg4 Rxe5 58. Rf2 Re1 59. h4
Rg1+ 60. Kh5 Rg8 1/2-1/2

[Event "Elit(Farsta-Schack08)"]
[Site "?"]
[Date "2003.??.??"]
[Round "3"]
[White "Renman, Nils-Gustaf"]
[Black "Berg, Klaus"]
[Result "0-1"]
[WhiteElo "2416"]
[BlackElo "2489"]
[PlyCount "84"]
[EventDate "2003.??.??"]

1. d4 Nf6 2. Nf3 d5 3. c4 c6 4. e3 Bf5 5. Nc3 e6 6. Bd3 Bxd3 7. Qxd3 Bb4 8. O-O
O-O 9. a3 Be7 10. e4 dxe4 11. Nxe4 Nbd7 12. Nc3 Qc7 13. Bg5 Rad8 14. Qe2 Rfe8
15. Rfd1 a5 16. Re1 Qb6 17. Rab1 h6 18. Bf4 c5 19. Nb5 Rc8 20. Red1 cxd4 21.
Rxd4 e5 22. Nxe5 Nxe5 23. Bxe5 Bc5 24. Rd2 Qe6 25. Re1 Ng4 26. Bg3 Qxc4 27.
Qxe8+ Rxe8 28. Rxe8+ Kh7 29. Nc3 f5 30. h3 Nf6 31. Red8 f4 32. Bh2 b5 33. R2d3
g5 34. Kf1 b4 35. axb4 axb4 36. Nd1 Ne4 37. f3 Bd6 38. R8xd6 Nxd6 39. Ke2 Nf5
40. Bg1 Nh4 41. Kd2 Nxg2 42. b3 Qe6 0-1

[Event "Elit(Farsta-Schack08)"]
[Site "?"]
[Date "2003.??.??"]
[Round "3"]
[White "Thoren, Per"]
[Black "Hjelm, Niclas"]
[Result "1/2-1/2"]
[WhiteElo "2282"]
[BlackElo "2422"]
[PlyCount "35"]
[EventDate "2003.??.??"]

1. e4 c5 2. Nf3 d6 3. d4 cxd4 4. Nxd4 Nf6 5. Nc3 a6 6. Bc4 e6 7. Bb3 Nbd7 8. f4
Nc5 9. O-O Qc7 10. Qe2 Be7 11. Kh1 O-O 12. e5 Nxb3 13. axb3 dxe5 14. fxe5 Nd5
15. Nf5 Bc5 16. Nxg7 Kxg7 17. Ne4 Qxe5 18. Qg4+ 1/2-1/2

[Event "Elit(Farsta-Schack08)"]
[Site "?"]
[Date "2003.??.??"]
[Round "3"]
[White "Backelin, Rickard"]
[Black "Ottenklev, Niclas"]
[Result "1-0"]
[WhiteElo "2381"]
[BlackElo "2230"]
[PlyCount "63"]
[EventDate "2003.??.??"]

1. b3 d5 2. Bb2 Bg4 3. Nf3 Bxf3 4. gxf3 e6 5. f4 Qh4 6. e3 Nd7 7. Qf3 Ngf6 8.
Qg3 Qxg3 9. hxg3 O-O-O 10. d3 Kb8 11. Nd2 h6 12. Nf3 Bb4+ 13. Ke2 Rhe8 14. Bh3
Bf8 15. g4 Ng8 16. g5 hxg5 17. Nxg5 Nh6 18. Nh7 g6 19. Bxe6 Rxe6 20. Nxf8 Nxf8
21. Rxh6 Kc8 22. Rah1 Rde8 23. Rh8 Kd8 24. Ba3 Nd7 25. Rxe8+ Rxe8 26. Rh7 Nf8
27. Rxf7 Ne6 28. Bb2 d4 29. Kf3 g5 30. f5 g4+ 31. Kxg4 Rg8+ 32. Kh4 1-0

[Event "Elit(Farsta-Schack08)"]
[Site "?"]
[Date "2003.??.??"]
[Round "3"]
[White "Faldt, Magnus"]
[Black "Jaderberg, Bjorn"]
[Result "0-1"]
[WhiteElo "2225"]
[BlackElo "2290"]
[PlyCount "54"]
[EventDate "2003.??.??"]

1. d4 Nf6 2. c4 e6 3. Nc3 Bb4 4. Qc2 Nc6 5. Nf3 d5 6. a3 Bxc3+ 7. Qxc3 Ne4 8.
Qc2 e5 9. e3 Bf5 10. Bd3 exd4 11. exd4 O-O 12. Be3 Bg6 13. b4 a6 14. b5 axb5
15. cxb5 Nb4 16. axb4 Rxa1+ 17. Bc1 Ng5 18. Ne5 Bxd3 19. Nxd3 Qe8+ 20. Kd1 Qxb5
21. Re1 Ne4 22. f3 Qxd3+ 23. Qxd3 Nf2+ 24. Kd2 Nxd3 25. Kxd3 Rfa8 26. g4 f6 27.
h4 Kf7 0-1

[Event "Elit(Passanten-Skara)"]
[Site "?"]
[Date "2003.??.??"]
[Round "3"]
[White "Gausel, Einar"]
[Black "Sandstrom, Ludvig"]
[Result "1-0"]
[WhiteElo "2575"]
[BlackElo "2405"]
[PlyCount "81"]
[EventDate "2003.??.??"]

1. d4 Nf6 2. Nf3 g6 3. c4 Bg7 4. Nc3 O-O 5. e4 d6 6. Be2 Bg4 7. Be3 Nfd7 8. h4
a6 9. Qd2 h5 10. Bh6 e5 11. Bxg7 Kxg7 12. d5 a5 13. Ng5 Bxe2 14. Qxe2 Na6 15.
O-O-O Nac5 16. f3 Qe7 17. Kb1 Rh8 18. g3 Rhe8 19. Rhe1 Nf6 20. Qd2 Ng8 21. Rg1
Nf6 22. Rde1 c6 23. f4 cxd5 24. exd5 Ng4 25. Ref1 f6 26. Nf3 Qd7 27. fxe5 fxe5
28. Ng5 Rf8 29. Nce4 Nxe4 30. Nxe4 Rxf1+ 31. Rxf1 Rf8 32. Re1 b6 33. a3 Rf5 34.
Ka1 Nh6 35. Ng5 Nf7 36. Ne6+ Kf6 37. Qe2 Nh6 38. Qe3 Nf7 39. Qxb6 Qa4 40. Rc1
Rf3 41. Ka2 1-0

[Event "Elit(Passanten-Skara)"]
[Site "?"]
[Date "2003.??.??"]
[Round "3"]
[White "Andersson, Mats"]
[Black "Pedersen, Steffen"]
[Result "1/2-1/2"]
[WhiteElo "2365"]
[BlackElo "2463"]
[PlyCount "41"]
[EventDate "2003.??.??"]

1. d4 d5 2. Nf3 Nf6 3. Bf4 c5 4. c3 cxd4 5. cxd4 Nc6 6. Nc3 a6 7. Rc1 e6 8. e3
Bd6 9. Bxd6 Qxd6 10. Be2 O-O 11. O-O b5 12. Ne1 e5 13. dxe5 Nxe5 14. Nf3 Rd8
15. Qd4 Nc6 16. Qh4 Be6 17. Rfd1 h6 18. Bd3 Bg4 19. Be2 Be6 20. Bd3 Bg4 21. Be2
1/2-1/2

[Event "Elit(Passanten-Skara)"]
[Site "?"]
[Date "2003.??.??"]
[Round "3"]
[White "Ziegler, Ari"]
[Black "Cramling, Dan"]
[Result "1/2-1/2"]
[WhiteElo "2413"]
[BlackElo "2394"]
[PlyCount "81"]
[EventDate "2003.??.??"]

1. d4 Nf6 2. Nf3 c5 3. e3 g6 4. Be2 Bg7 5. O-O cxd4 6. exd4 d5 7. c4 O-O 8. Nc3
Nc6 9. Re1 b6 10. Ne5 Bb7 11. Bf3 Na5 12. b3 Rc8 13. Ba3 Re8 14. Rc1 dxc4 15.
Bxb7 Nxb7 16. bxc4 Na5 17. c5 Nd7 18. cxb6 axb6 19. Nd5 Rxc1 20. Bxc1 e6 21.
Nxd7 Qxd7 22. Nxb6 Qb5 23. Na4 Rd8 24. Be3 e5 25. d5 Rxd5 26. Qc2 Qc4 27. Qxc4
Nxc4 28. Nc3 Ra5 29. Rb1 Nxe3 30. Rb8+ Bf8 31. fxe3 e4 32. h4 Kg7 33. Nxe4 Rxa2
34. Rb7 h6 35. h5 Ra4 36. Ng3 Bc5 37. Rb3 Ra3 38. Rxa3 Bxa3 39. hxg6 Kxg6 40.
Ne2 f5 41. Kf2 1/2-1/2

[Event "Elit(Passanten-Skara)"]
[Site "?"]
[Date "2003.??.??"]
[Round "3"]
[White "Larsson, Per"]
[Black "Friberg, Hans"]
[Result "1/2-1/2"]
[WhiteElo "2345"]
[BlackElo "2233"]
[PlyCount "67"]
[EventDate "2003.??.??"]

1. Nf3 Nf6 2. c4 c5 3. Nc3 Nc6 4. g3 d5 5. cxd5 Nxd5 6. Bg2 e6 7. O-O Be7 8. d4
Nxc3 9. bxc3 O-O 10. e4 cxd4 11. cxd4 Qa5 12. Qb3 Rd8 13. Be3 Qa3 14. Qxa3 Bxa3
15. Rab1 b6 16. d5 exd5 17. exd5 Ne7 18. Ne5 Ba6 19. Rfd1 Nf5 20. d6 Nxe3 21.
fxe3 Rac8 22. d7 Rc2 23. Be4 Rc7 24. Bd5 Kf8 25. Nxf7 Rdxd7 26. Ng5 Rc2 27. Bb3
Rcd2 28. Ne6+ Ke7 29. Nxg7 Bc5 30. Nf5+ Kf6 31. Rxd2 Rxd2 32. Nd4 Bxd4 33. exd4
Rxd4 34. Rc1 1/2-1/2

[Event "Elit(Passanten-Skara)"]
[Site "?"]
[Date "2003.??.??"]
[Round "3"]
[White "Eklund, Lars-Goran"]
[Black "Sanden, Stefan"]
[Result "1-0"]
[WhiteElo "2314"]
[BlackElo "2322"]
[PlyCount "59"]
[EventDate "2003.??.??"]

1. Nf3 c5 2. c4 Nc6 3. d4 cxd4 4. Nxd4 Nf6 5. Nc3 g6 6. e4 Bg7 7. Be3 Ng4 8.
Qxg4 Bxd4 9. Bxd4 Nxd4 10. Qd1 e5 11. Qd2 O-O 12. Bd3 d6 13. O-O Be6 14. Rad1
Rc8 15. b3 Qb6 16. Kh1 Rfd8 17. f4 exf4 18. Qxf4 Nc6 19. Be2 Ne5 20. Nb5 Qc5
21. Nd4 Bd7 22. Qh6 Rf8 23. Qh4 a5 24. a4 Qb6 25. Qf6 Bg4 26. Bxg4 Nxg4 27. Qg5
Ne5 28. Nf5 Rc7 29. Nh6+ Kg7 30. Qf6+ 1-0

[Event "Elit(Sollentuna-LASK)"]
[Site "?"]
[Date "2003.??.??"]
[Round "3"]
[White "Berg, Emanuel"]
[Black "Tikkanen, Hans"]
[Result "1-0"]
[WhiteElo "2542"]
[BlackElo "2418"]
[PlyCount "103"]
[EventDate "2003.??.??"]

1. e4 c5 2. Nf3 Nc6 3. d4 cxd4 4. Nxd4 g6 5. Nc3 Bg7 6. Be3 Nf6 7. Bc4 Qa5 8.
O-O O-O 9. Nb3 Qc7 10. Bg5 b6 11. f4 Na5 12. Bd5 Ba6 13. Bxa8 Bxf1 14. Bxf6
Bxf6 15. Nd5 Qb8 16. Nxa5 Qxa8 17. Kxf1 bxa5 18. c3 Qc6 19. Qd3 Rb8 20. b3 Kf8
21. Rd1 Bg7 22. c4 d6 23. Qe3 Rb7 24. e5 dxe5 25. Nb4 Qe8 26. Nc6 Rd7 27. Rd5
Rd6 28. Rxd6 exd6 29. Nxa7 Qd8 30. Nb5 exf4 31. Qd3 Be5 32. c5 f3 33. gxf3 Qh4
34. c6 Qxh2 35. c7 Qh3+ 36. Ke2 Bf4 37. b4 a4 38. Qd4 Qg2+ 39. Ke1 Qh1+ 40. Ke2
Qg2+ 41. Qf2 Qh3 42. Na7 Qe6+ 43. Kd1 Be3 44. Qc2 Qd5+ 45. Ke2 Bxa7 46. c8=Q+
Kg7 47. Q8c4 Qe5+ 48. Q4e4 Qa1 49. Qxa4 Bd4 50. Qd1 Qxa2+ 51. Qd2 Qa6+ 52. Qed3
1-0

[Event "Elit(Sollentuna-LASK)"]
[Site "?"]
[Date "2003.??.??"]
[Round "3"]
[White "Dzevlan, Miralem"]
[Black "Nicklasson, Christer"]
[Result "1/2-1/2"]
[WhiteElo "2486"]
[BlackElo "2414"]
[PlyCount "73"]
[EventDate "2003.??.??"]

1. d4 Nf6 2. c4 e6 3. Nf3 Bb4+ 4. Nbd2 b6 5. e3 Bb7 6. Bd3 O-O 7. O-O c5 8. a3
Bxd2 9. Bxd2 d6 10. Bc3 Nbd7 11. b4 Rc8 12. dxc5 bxc5 13. b5 Qe7 14. Qc2 e5 15.
Be2 Ne4 16. Nd2 f5 17. Nxe4 Bxe4 18. Bd3 Qh4 19. f4 Bxd3 20. Qxd3 Qe7 21. Rad1
exf4 22. exf4 Qf7 23. Qxd6 Nb6 24. Rfe1 Nxc4 25. Qe6 Qxe6 26. Rxe6 Nxa3 27. Re7
Rf7 28. Rdd7 Rxe7 29. Rxe7 Nxb5 30. Rxg7+ Kf8 31. Rxh7 Rc6 32. Rh3 Kf7 33. Kf2
Rg6 34. Rh7+ Kg8 35. Rh8+ Kf7 36. Rh7+ Kg8 37. Rh8+ 1/2-1/2

[Event "Elit(Sollentuna-LASK)"]
[Site "?"]
[Date "2003.??.??"]
[Round "3"]
[White "Eriksson, Johan"]
[Black "Olsson, Linus"]
[Result "1-0"]
[WhiteElo "2453"]
[BlackElo "2344"]
[PlyCount "109"]
[EventDate "2003.??.??"]

1. d4 Nf6 2. Nf3 e6 3. g3 c5 4. Bg2 d5 5. O-O Nc6 6. c4 Be7 7. cxd5 exd5 8. Nc3
O-O 9. Bg5 cxd4 10. Nxd4 h6 11. Be3 Re8 12. Rc1 Bf8 13. Nxc6 bxc6 14. Bd4 Bg4
15. h3 Bd7 16. a3 a5 17. Qd2 Rb8 18. Rfd1 Rb7 19. Kh2 Qe7 20. Re1 Qe6 21. e4
dxe4 22. Nxe4 Nxe4 23. Rxe4 Qd6 24. Rxe8 Bxe8 25. Qc3 a4 26. Qc4 Rd7 27. Be3
Rb7 28. Rc2 Qb8 29. Bf4 Qa7 30. Bxc6 Bxc6 31. Qxc6 Rb6 32. Qd5 Qb7 33. Qxb7
Rxb7 34. Rc8 Rd7 35. Be3 Rd5 36. Ra8 g5 37. Rxa4 Bg7 38. b4 Rd3 39. b5 Rb3 40.
Ra8+ Kh7 41. b6 Be5 42. a4 f5 43. Ra5 f4 44. Rxe5 fxe3 45. Rxe3 Rxb6 46. Ra3
Kg6 47. a5 Ra6 48. Kg2 Kf5 49. Ra4 h5 50. f3 Kg6 51. Kf2 h4 52. gxh4 gxh4 53.
Ke3 Kg5 54. f4+ Kf5 55. Kf3 1-0

[Event "Elit(Sollentuna-LASK)"]
[Site "?"]
[Date "2003.??.??"]
[Round "3"]
[White "Semcesen, Daniel"]
[Black "Couso, Luis"]
[Result "1-0"]
[WhiteElo "2299"]
[BlackElo "2448"]
[PlyCount "59"]
[EventDate "2003.??.??"]

1. e4 g6 2. d4 Bg7 3. c4 d6 4. Nc3 Nc6 5. Nge2 e5 6. d5 Nce7 7. Ng3 c6 8. Bd3
Nf6 9. O-O O-O 10. b4 cxd5 11. cxd5 Ng4 12. Be2 Nh6 13. Bd2 f5 14. Rc1 f4 15.
Nh1 Bd7 16. f3 g5 17. Nf2 a6 18. a4 Rf6 19. a5 Nf7 20. Na4 Rc8 21. Nb6 Rxc1 22.
Qxc1 Be8 23. Qc3 h5 24. Rc1 g4 25. fxg4 Bh6 26. gxh5 f3 27. Bxf3 Bxd2 28. Qxd2
Kg7 29. Nh3 Bb5 30. Ng5 1-0

[Event "Elit(Sollentuna-LASK)"]
[Site "?"]
[Date "2003.??.??"]
[Round "3"]
[White "Johnson, Bjorn"]
[Black "Eriksson, Jonas"]
[Result "0-1"]
[WhiteElo "2259"]
[BlackElo "2377"]
[PlyCount "96"]
[EventDate "2003.??.??"]

1. b3 e5 2. Bb2 d6 3. e3 f5 4. d4 Nd7 5. c4 Ngf6 6. g3 c6 7. Bg2 Be7 8. Nc3 O-O
9. Nge2 a6 10. Qc2 Qe8 11. h3 e4 12. a4 Qf7 13. Ba3 Rb8 14. a5 b5 15. axb6 Nxb6
16. O-O g5 17. f3 exf3 18. Bxf3 d5 19. c5 Na8 20. Bg2 Qe6 21. Rf3 Ne4 22. Raf1
Nc7 23. g4 fxg4 24. Rxf8+ Bxf8 25. Nxe4 dxe4 26. Bxe4 Nd5 27. Bxh7+ Kg7 28. Bc1
Bd7 29. Bf5 Qe7 30. e4 Nb4 31. Qd2 gxh3 32. Ng3 Kh8 33. Qxg5 Qxg5 34. Bxg5 Bxf5
35. Bf6+ Kh7 36. Nxf5 Kg6 37. Bh4 Nd3 38. Kh2 Rxb3 39. Rg1+ Kh7 40. Rg3 Rb2+
41. Kxh3 Nf2+ 42. Kg2 Nxe4+ 43. Kf3 Nxg3 44. Bxg3 Rb3+ 45. Kg4 Kg6 46. Nh4+ Kf7
47. Nf3 Ke6 48. Be5 a5 0-1

[Event "Elit(Sollentuna-LASK)"]
[Site "?"]
[Date "2003.??.??"]
[Round "3"]
[White "Bergstrom, Peter"]
[Black "Olsson, Tomas"]
[Result "1/2-1/2"]
[WhiteElo "2379"]
[BlackElo "2231"]
[PlyCount "81"]
[EventDate "2003.??.??"]

1. e4 e5 2. Nf3 Nc6 3. d4 exd4 4. Nxd4 Nf6 5. Nxc6 bxc6 6. e5 Qe7 7. Qe2 Nd5 8.
c4 Nb6 9. Nd2 a5 10. g3 Ba6 11. b3 Qe6 12. Bb2 Be7 13. Bg2 O-O 14. Qe4 Rab8 15.
Bc3 Bb4 16. Bxb4 axb4 17. O-O Bb7 18. Qd4 Qe7 19. Ne4 Kh8 20. Rae1 Ra8 21. Re2
Ra5 22. f4 c5 23. Qd3 Bxe4 24. Bxe4 g6 25. Rd1 Qe6 26. Qd2 Qg4 27. a4 bxa3 28.
Ree1 Ra7 29. Kg2 Qe6 30. Ra1 c6 31. Qf2 Qe7 32. f5 Qxe5 33. fxg6 hxg6 34. Bxg6
Qd4 35. Qf3 Kg7 36. Bd3 d5 37. Qf5 Rh8 38. Qg5+ Kf8 39. Qd8+ Kg7 40. Qg5+ Kf8
41. Qd8+ 1/2-1/2

[Event "Elit(Kamraterna-Limhamn)"]
[Site "?"]
[Date "2003.??.??"]
[Round "4"]
[White "Hector, Jonny"]
[Black "Svenn, Gosta"]
[Result "1-0"]
[WhiteElo "2613"]
[BlackElo "2402"]
[PlyCount "53"]
[EventDate "2003.??.??"]

1. e4 d5 2. exd5 Nf6 3. d4 Bg4 4. Ne2 Qxd5 5. Nbc3 Qd7 6. f3 Bf5 7. g4 Bg6 8.
h4 h6 9. Nf4 Bh7 10. g5 hxg5 11. hxg5 Bxc2 12. Rxh8 Bxd1 13. gxf6 exf6 14. Kxd1
Qxd4+ 15. Ke2 Nc6 16. Be3 Qb4 17. Nd3 Qc4 18. Kf2 O-O-O 19. Rc1 Nb4 20. Nf4 Qc6
21. a3 g5 22. Nh5 Na6 23. Ne4 Qxc1 24. Bh3+ Kb8 25. Bxc1 Bc5+ 26. Nxc5 Rxh8 27.
Nd7+ 1-0